| 000 | 00592nam a2200181 i 4500 | ||
|---|---|---|---|
| 001 | 26923 | ||
| 003 | ES-MaACL | ||
| 005 | 20250826063130.0 | ||
| 007 | t| | ||
| 008 | 030113s1879 sp ||||1| spa d | ||
| 100 | 1 |
_aBarbieri, Francisco A., _d1823-1894 _925463 |
|
| 245 | 1 | 4 |
_aLas castaƱuelas _b: estudio jocoso dedicado a todos los boleros y danzantes por uno de tantos / _cFrancisco Asenjo Barbieri. |
| 260 |
_aMadrid : _b[s.n.], _c1879. |
||
| 300 |
_a46 p. ; _c17 cm. |
||
| 650 | 0 | 4 |
_aCastaƱuelas- _vHistoria. _910818 |
| 852 |
_aES-MaACL _jT-301-F-1 |
||
| 999 |
_c26923 _d26923 |
||